000 00444nam a2200181Ia 4500
001 20916
005 20260306172841.0
008 260306t2014||||xx |||||||||||||| ||spa||
041 _aESP
082 _a343.8
_bS94 Nº 2 2013
100 _aLlaque Sánchez, Fredy
_eAUT
245 0 _aNuevos retos en tributos y aduanas
260 _c2014
300 _a263 páginas :
_c29 cm
650 _aGEN
654 _aCCO
942 _cLIB
_dJUS
_fJUS
_2ddc
_n
999 _c20916
_d20916